Größte Orte in Baden-Württemberg A-Z - Statistiken

Allgemein
  • Dieses Quiz wurde 166 mal gespielt
  • Das Durchschnittsergebnis liegt bei 17 aus 23
Antwortstatistiken
Landkreis Einwohnerzahl Ort % Korrekt
S Stadtkreis (kreisfrei) 633.484 Stuttgart
96%
K Stadtkreis (kreisfrei) 309.964 Karlsruhe
94%
U Stadtkreis (kreisfrei) 129.942 Ulm
94%
F Stadtkreis (kreisfrei) 237.244 Freiburg im Breisgau
93%
E keine Hinweise, das wäre sonst zu einfach 95.881 Esslingen am Neckar
92%
T keine Hinweise, das wäre sonst zu einfach 93.615 Tübingen
92%
H Stadtkreis (kreisfrei) 162.960 Heidelberg
91%
M Stadtkreis (kreisfrei) 316.877 Mannheim
91%
R keine Hinweise, das wäre sonst zu einfach 118.528 Reutlingen
91%
V Schwarzwald-Baar 89.145 Villingen-Schwenningen
91%
P Stadtkreis (kreisfrei) 128.992 Pforzheim
90%
L keine Hinweise, das wäre sonst zu einfach 94.859 Ludwigsburg
89%
A Ostalb 69.147 Aalen
79%
B Stadtkreis (kreisfrei) 57.420 Baden-Baden
79%
O Ortenau 62.195 Offenburg
74%
N Esslingen 41.447 Nürtingen
70%
G keine Hinweise, das wäre sonst zu einfach 59.300 Göppingen
69%
W Rems-Murr 55.917 Waiblingen
65%
C Schwäbisch Hall 36.239 Crailsheim
62%
I Ravensburg 15.190 Isny im Allgäu
34%
D Ludwigsburg 25.318 Ditzingen
33%
Z Ortenau 8.295 Zell am Harmersbach
25%
J Böblingen 8.199 Jettingen
21%
Keine übereinstimmenden Quizze gefunden
Verteilung der Resultate
Anzahl Personen mit jedem Resultat
Perzentil nach korrekt beantworteten Fragen
Ihre Resultats-Entwicklung
Sie haben dieses Quiz noch nicht gespielt